Aplikácia satelitného komunikačného prostredia pre multimediálne služby : Dipl.práca

Na minha lista:
Detalhes bibliográficos
Autor principal: Bauko, Peter (Author)
Outros Autores: Podhradský, Pavol, 1943- (Thesis advisor)
Formato: Manuscrito Livro
Idioma:eslovaco
Publicado em: Bratislava : STU v Bratislave FEI, 1999
Assuntos:
Tags: Adicionar Tag
Sem tags, seja o primeiro a adicionar uma tag!

MARC

LEADER 00000ntm a22000003a 4500
001 stu52412
005 20160719164843.2
008 000303s1999----xo------------------slo-d
040 |a STU  |b slo 
041 0 |a slo 
044 |a xo 
100 1 |a Bauko, Peter  |4 aut 
245 1 |a Aplikácia satelitného komunikačného prostredia pre multimediálne služby :  |b Dipl.práca 
260 |a Bratislava :  |b STU v Bratislave FEI,  |c 1999 
300 |a 83 s 
650 7 |a informatika  |2 stusub 
700 1 |a Podhradský, Pavol,  |d 1943-  |4 ths  |u E240  |U FEI Fakulta elektrotechniky a informatiky  |T FEI Katedra telekomunikácií  |X 2148  |U E240  |Y 72  |7 A000002148